000 00335nam a2200145Ia 4500
008 191201s2012 xx 000 0 und d
082 _a621.43
_bGAI
100 _aGANESAN, V
245 0 _aInternal Combustion Engines
250 _aRep
260 _aN.Delhi
_bTMH
_c2012
300 _a729
650 _aB.Tech(ME)
942 _2ddc
_cBK
_019
999 _c5629
_d5629